000 00543nam a2200205 a 4500
999 _c6521
_d6521
001 6521
003 BD-JhCC
005 20180303174023.0
008 180124s1966 uk |||| |||| 000 0 eng d
035 _a(BD-JhCC)6521
040 _aBD-JhCC
_dBD-JhCC
041 _aeng
082 _a822.33
_bMAU 1964
100 _aMaugham, W. Somerset
245 _aThe Collected plays of W. Somerset Magham /
_cW. Somerset Magham
260 _aLondon :
_bHeinemann,
_c1966.
300 _avarious p. :
_c18 cm.
650 _aCollected Palys
942 _2ddc
_cBK